[Event "94th ARG-ch Superior 2019"]
[Site "Buenos Aires"]
[Date "2019.09.21"]
[Round "6.1"]
[White "Aguilar, Andres"]
[Black "Dolezal, Cristian"]
[Result "0-1"]
[WhiteElo "2319"]
[BlackElo "2414"]
[Annotator "TA"]
[PlyCount "130"]
[EventDate "2019.09.16"]
[EventType "tourn"]
[EventCountry "ARG"]

{[%evp 16,130,8,20,14,2,37,4,23,18,15,10,19,-11,-10,0,-8,0,0,-7,-8,-55,3,12,25,12,62,56,54,39,88,82,89,77,86,91,112,102,109,121,174,178,234,245,235,227,248,260,254,246,246,228,152,23,26,28,219,252,262,-55,-23,-55,-55,-54,-50,-150,-149,-143,0,-81,-12,-53,-48,-57,-51,-56,-66,-73,-10,-12,0,0,0,0,0,0,0,0,0,-8,-8,-85,-85,-85,0,0,0,0,0,-21,0,-1385,-1427,-1387,-1385,-1325,-200,-30,0,-1354,-1352,-772,-1245,-29977,-29978,-29978,-29979]} 1. c4 b6 2. Nf3 Bb7 3. g3 Nf6 4. Bg2 g6 5. Nc3 Bg7 6. O-O O-O 7. d4 Ne4 8. Nxe4 Bxe4 9. Be3 d6 {A50: Queen's Fianchetto Defence (1 d4 Nf6 2 c4 b6)} (9... c5 10. Qd2 d6 11. Rac1 Nd7 12. Rfd1 Nf6 13. Bh6 Qc7 14. Bxg7 Kxg7 15. Ne1 Rad8 16. f3 Bb7 17. d5 b5 18. b3 bxc4 19. bxc4 e5 {1-0 (56) Zherebukh,Y (2632)-Ipatov,A (2662) Saint Louis 2017}) 10. Qd2 Nd7 11. Bh6 c5 {The position is equal.} 12. d5 Nf6 13. Bxg7 Kxg7 14. Ng5 $146 ({Predecessor:} 14. Bh3 b5 15. b3 Bxf3 16. exf3 Rb8 17. Rfe1 {0-1 (58) Kilgus,G (2404)-Baumegger,S (2452) Vienna 2012}) 14... Bxg2 15. Kxg2 b5 16. Rac1 Rb8 17. Rfe1 h6 18. Nh3 a5 ({Black should play} 18... bxc4 $15 19. Rxc4 Rb5) 19. b3 $11 bxc4 20. bxc4 Rb4 21. Nf4 Qa8 22. Kg1 (22. e4 {seems wilder.} e5 23. Nd3 Rb6 24. f4 Nd7 25. fxe5 Nxe5 26. Nxe5 dxe5 27. Qe3) 22... Qa6 23. Qc3 Rfb8 24. Nd3 R4b7 25. e4 Kg8 26. e5 Nh7 27. h4 Nf8 (27... Qb6 $16 {was called for.} 28. Qd2 Kg7) 28. e6 $18 {Black must now prevent exf7+.} fxe6 (28... f6 $142 29. Nf4 h5) 29. dxe6 Qc6 30. Nf4 $1 (30. Qxa5 Qf3 $14) 30... Qe8 31. Nd5 (31. Qxa5 g5 $11) 31... g5 32. hxg5 hxg5 33. Qf3 ({Not} 33. Qxa5 Qh5 $11) 33... Qg6 34. Qg4 (34. Kg2 $1 $16) 34... Nh7 $1 $11 35. Kg2 Nf6 $2 (35... Kg7 $11 {and Black has nothing to worry.}) 36. Nxf6+ $1 $18 Qxf6 37. Rc2 $2 ({Only move:} 37. Re4 $1 $18 {[%cal Re4f4]} Kf8 38. Re3) 37... Rb2 (37... Rb1 $5 {[%cal Rb1e1]} 38. Rce2 Kg7 $15) 38. Ree2 Rxc2 39. Rxc2 $15 {[%mdl 4096] Endgame KQR-KQR} Rb1 40. Re2 (40. Rd2 $15 Qh6 41. Kf3) 40... Qh6 $17 {[%csl Gb1][%cal Rh6h1]} 41. Kf3 Qf6+ ({Don't play} 41... Qh1+ $6 42. Ke3 $11) ({Better is} 41... Kg7 42. Qf5 Qh5+ 43. Ke3 (43. g4 $2 Qg6 $19) 43... Qg6 44. Qxg6+ Kxg6) 42. Kg2 Rc1 (42... Kg7 $17 43. Qe4 Qg6) 43. Rd2 {aiming for Rd5.} Qh6 {[%csl Gc1][%cal Rh6h1]} 44. Rd1 Rxd1 {[%mdl 64] Overworked Piece} 45. Qxd1 Qxe6 $15 {KQ-KQ} 46. Qd2 g4 (46... Qe4+ $17 47. Kg1 Kf7 48. Qxg5 Qxc4 49. Qf5+ Kg7) 47. Qxa5 Qxc4 48. Qa8+ $1 Kf7 {Hoping for ...Qd3.} 49. a4 $1 d5 50. a5 Qe4+ 51. Kg1 c4 {Strongly threatening ...c3.} 52. a6 c3 53. a7 (53. Qc8 $1 $11 {keeps the balance.}) 53... c2 $1 $17 {[%cal Rc2c1]} 54. Qc8 {[#]} d4 ({Black should try} 54... Qe1+ $1 $17 55. Kg2 c1=Q 56. Qxc1 (56. Qf5+ Kg7 $19) 56... Qxc1) 55. a8=Q $11 Qxa8 56. Qf5+ Ke8 57. Qg6+ Kd8 58. Qg8+ $2 {[%mdl 8192]} (58. Qb6+ $11 Kc8 59. Qc5+ Kd8 60. Qxd4+ {[%mdl 64] Double Attack} Kc7 61. Qf4+ Kd7 62. Qd2+ Ke8 63. Qxc2) 58... Kc7 $19 59. Qxa8 c1=Q+ {KQ-KQ} 60. Kh2 Qh6+ $2 (60... Qc5 61. Qa2 d3) 61. Kg1 Qc1+ $2 {[%mdl 8192]} (61... Qd2 $11 62. Qa7+ Kd6 63. Qa3+ Kd7 64. Qa4+ Kd6 65. Qa3+ Kc6 66. Qa4+ Kb6 67. Qb3+ Kc5 68. Qa3+ Qb4 69. Qc1+ Qc3 70. Qg5+ {[#]} e5 $1 {[%mdl 512]}) 62. Kh2 $1 Qc5 63. Qe4 {[#]} d3 $1 {[%mdl 512]} 64. Qxd3 Qxf2+ 65. Kh1 Qf3+ {Accuracy: White = 52%, Black = 38%.} 0-1

[Event "94th ARG-ch Superior 2019"]
[Site "Buenos Aires"]
[Date "2019.09.21"]
[Round "6.2"]
[White "Peralta, Fernando"]
[Black "Bitelmajer, Martin"]
[Result "1-0"]
[WhiteElo "2566"]
[BlackElo "2469"]
[Annotator "Igor"]
[PlyCount "97"]
[EventDate "2019.09.16"]
[EventType "tourn"]
[EventCountry "ARG"]
[TimeControl "40/5400+30:1800+30"]

{[%evp 0,35,26,7,29,0,0,-19,26,-4,23,31,22,18,65,64,64,1,1,21,31,28,28,-21,-11,-11,70,-5,76,52,95,95,69,69,71,71,101,77]} 1. d4 Nf6 2. c4 e6 3. Nf3 Bb4+ 4. Nbd2 O-O 5. a3 Be7 6. e4 d5 7. e5 Nfd7 8. Bd3 c5 9. Qc2 h6 10. O-O Nc6 11. Nb3 cxd4 12. Re1 Re8 13. Bf4 Bf8 14. cxd5 exd5 15. Rad1 g5 16. Bg3 Bg7 17. Bb5 Ndb8 18. Nfxd4 Qb6 19. Bf1 Nxd4 20. Nxd4 Nc6 21. Nf5 Bxf5 22. Qxf5 Ne7 23. Qf3 Rad8 24. b4 a6 25. Bd3 Rd7 26. Bb1 Qe6 27. h4 g4 28. Qd3 Ng6 29. h5 Nf8 30. Ba2 Qe7 31. Qf5 Qe6 32. Qd3 Qe7 33. Qe2 Qg5 34. Rxd5 Rxd5 35. Bxd5 Re7 36. Qe3 Qxh5 37. Qc5 Ng6 38. Bxb7 Bxe5 39. Bxe5 g3 40. fxg3 Rxe5 41. Rxe5 Nxe5 42. Bxa6 Qd1+ 43. Bf1 Ng4 44. Qc8+ Kg7 45. Qc3+ Kg8 46. a4 h5 47. a5 Qb1 48. a6 Qa2 49. Qc5 1-0

[Event "94th ARG-ch Superior 2019"]
[Site "Buenos Aires"]
[Date "2019.09.21"]
[Round "6.3"]
[White "Valerga, Diego"]
[Black "Pichot, Alan"]
[Result "0-1"]
[WhiteElo "2418"]
[BlackElo "2600"]
[Annotator "Igor"]
[PlyCount "82"]
[EventDate "2019.09.16"]
[EventType "tourn"]
[EventCountry "ARG"]
[TimeControl "40/5400+30:1800+30"]

{[%evp 0,30,16,-4,86,76,82,88,61,49,44,31,73,23,78,46,39,31,40,50,38,22,50,1,50,20,33,37,29,25,43,49,55]} 1. e4 c5 2. Nf3 d6 3. d4 cxd4 4. Nxd4 Nf6 5. Nc3 a6 6. a4 g6 7. Be2 Bg7 8. O-O O-O 9. Be3 Nc6 10. Qd2 Bd7 11. f3 Qa5 12. Nb3 Qc7 13. a5 Ne5 14. Na4 Bxa4 15. Rxa4 Qc6 16. Rd4 Rfc8 17. c3 b5 18. axb6 Qxb6 19. Rb4 Qc6 20. Ra1 d5 21. Rb6 Qc7 22. exd5 Bh6 23. Rbxa6 Rxa6 24. Rxa6 Bxe3+ 25. Qxe3 Rb8 26. Nd2 Nxd5 27. Qd4 Rd8 28. Nc4 Nxc4 29. Qxc4 Qb8 30. Ra5 Qb6+ 31. Rc5 Nf4 32. b4 Ne6 33. Qb5 Qd6 34. Rc6 Qd2 35. Bf1 Qe3+ 36. Kh1 Rd1 37. h3 Qf2 38. Rc8+ Kg7 39. Qe5+ Kh6 40. Kh2 Qxf1 41. b5 Qg1+ 0-1

[Event "94th ARG-ch Superior 2019"]
[Site "Buenos Aires"]
[Date "2019.09.21"]
[Round "6.4"]
[White "Flores, Diego"]
[Black "Tristan, Leonardo"]
[Result "1/2-1/2"]
[WhiteElo "2602"]
[BlackElo "2509"]
[Annotator "TA"]
[PlyCount "60"]
[EventDate "2019.09.16"]
[EventType "tourn"]
[EventCountry "ARG"]

{[%evp 18,60,-4,-43,-37,-46,-43,-34,-41,-42,-18,-34,-29,-33,-32,-25,-20,-22,-21,-22,-22,-22,-22,-20,-20,-20,-20,-25,-24,-22,-22,-14,-5,-5,0,0,0,-5,-5,-5,-5,-22,0,0,0]} 1. d4 Nf6 2. c4 e6 3. Nc3 Bb4 4. e3 O-O 5. Bd3 d5 6. cxd5 exd5 7. Nge2 Re8 8. O-O Bd6 9. f3 c5 10. Qe1 b6 {E48: Nimzo-Indian: Rubinstein: 5 Bd3 d5 including 6 Ne2, but excluding 6 a3} (10... Nc6 11. Qf2 a6 12. Bd2 b5 13. Rad1 b4 14. Na4 c4 15. Bc2 a5 16. Rfe1 Ba6 17. Bc1 Bb5 18. g4 {0-1 (51) Milanovic,D (2531)-Palac,M (2559) Dubrovnik 2008}) 11. Qh4 $146 ({Predecessor:} 11. Nb5 Bf8 12. Bd2 Qd7 13. b3 Ba6 14. a4 Nc6 15. Qf2 Bb7 16. Rfd1 a6 17. Na3 Bd6 18. Nc2 Qc7 19. Ng3 Rac8 20. Bc3 Bxg3 {½-½ (20) Knight,T (2353)-Silva,F (2335) IECG email 2003}) 11... Ba6 12. Bc2 cxd4 {Black is slightly better.} 13. exd4 Bxe2 14. Bg5 {[#] aiming for Bxf6.} h6 ({Not} 14... Bxf1 $2 15. Bxf6 gxf6 16. Qxh7+ Kf8 17. Nxd5 $18) 15. Bxf6 $1 Qxf6 16. Qxf6 gxf6 17. Rae1 Nc6 18. Nxe2 Bb4 19. Ba4 Bxe1 20. Bxc6 Rxe2 21. Bxa8 $11 {[%mdl 4096] Endgame KRB-KRB} Bd2 22. Bxd5 Be3+ 23. Kh1 Rxb2 {The position is equal.} 24. Bb3 Bxd4 25. Rd1 Bc5 26. g3 Re2 27. Rd7 Re7 28. Rxe7 Bxe7 29. Bc4 Bc5 30. f4 Kg7 {Accuracy: White = 68%, Black = 76%.} 1/2-1/2

[Event "94th ARG-ch Superior 2019"]
[Site "Buenos Aires"]
[Date "2019.09.21"]
[Round "6.5"]
[White "Acosta, Pablo Ismael"]
[Black "Krysa, Leandro"]
[Result "1/2-1/2"]
[WhiteElo "2445"]
[BlackElo "2519"]
[Annotator "TA"]
[PlyCount "101"]
[EventDate "2019.09.16"]
[EventType "tourn"]
[EventCountry "ARG"]

{[%evp 10,101,14,2,7,7,11,-3,9,6,14,21,7,0,24,11,19,22,19,21,29,35,79,77,82,59,60,42,34,36,49,2,14,0,14,11,16,14,70,62,55,55,72,75,70,69,41,0,251,0,0,0,0,0,0,0,0,0,0,-9,0,-145,-45,-61,-49,-54,-46,-56,-51,-60,-59,-61,-47,-70,-33,-41,-24,-30,-8,-14,-8,-16,-5,-4,0,0,0,0,0,0,0,0,0,0]} 1. Nf3 Nf6 2. d4 d5 3. c4 e6 4. g3 dxc4 5. Qa4+ Bd7 6. Qxc4 b5 {E01: Catalan: Early deviations} 7. Qc2 Na6 8. Bg2 c5 9. O-O cxd4 $146 ({Predecessor:} 9... Rc8 10. Qd1 Bc6 11. a4 b4 12. Qd3 Qb6 13. Nbd2 Qb7 14. Nb3 {1-0 (65) Grachev,B (2673)-Oparin,G (2562) Moscow 2015}) 10. Nxd4 Rc8 11. Qd1 Qb6 {With the idea ...Rxc1!} 12. Nb3 Be7 13. Be3 Qb8 14. Qd4 Nc5 15. Rc1 {[%cal Rb3c5]} Na4 {[#]} 16. Rxc8+ $1 Qxc8 17. N1d2 O-O 18. Rc1 Qb8 19. Bf4 Qb6 20. Qxb6 axb6 21. Rc7 Rc8 22. Ra7 Bf8 23. Bb7 $36 {[%mdl 2048] White is pushing.} Rc2 (23... Re8 $11) 24. Ra8 $14 Nxb2 25. Rd8 Nc4 {[#]} 26. Ne4 $1 {[%cal Re4f6]} Nxe4 27. Bxe4 Rxe2 28. Bf3 Re1+ 29. Kg2 e5 {Threatens to win with ...Be6.} 30. Bg5 $1 {[%cal Rg5e7] Hoping for Be7.} e4 $1 {[%cal Re4f3]} 31. Bh5 $1 {Strongly threatening Be7.} f6 $1 32. Rxd7 g6 $1 {[%cal Rg6h5]} 33. Bxf6 {Threatening mate with Bg4.} gxh5 34. Nd4 Rd1 35. Ra7 (35. Rd8 $1 $11) 35... e3 ({Black should try} 35... Rd2 $17 36. Kf1 e3 37. fxe3 Nxe3+ 38. Ke1 Rxh2 39. Nxb5 Nf5) 36. fxe3 $15 Nxe3+ 37. Kf3 Ng4 38. Ke2 Rh1 39. Bg5 Rxh2+ 40. Kf3 b4 41. Ke4 Bc5 42. Nc6 Rc2 43. Kf5 Bf8 44. Ne7+ $1 {The position is equal.} Bxe7 45. Bxe7 $11 {[%mdl 4096] Endgame KRB-KRN} Rc3 46. Bd6 b3 47. axb3 Rxb3 48. Ra8+ Kf7 {White must now prevent ...Rb5+.} 49. Ra7+ Kg8 50. Ra8+ Kf7 {And now ...Rb5+ would win.} 51. Ra7+ {Accuracy: White = 74%, Black = 47%.} 1/2-1/2

[Event "94th ARG-ch Superior 2019"]
[Site "Buenos Aires"]
[Date "2019.09.21"]
[Round "6.6"]
[White "Scarella, Enrique Alejandro"]
[Black "Perez, Maximiliano"]
[Result "1/2-1/2"]
[WhiteElo "2302"]
[BlackElo "2429"]
[Annotator "TA"]
[PlyCount "33"]
[EventDate "2019.09.16"]
[EventType "tourn"]
[EventCountry "ARG"]

{[%evp 18,33,23,15,29,16,75,60,95,85,108,64,59,0,91,0,56,0]} 1. Nf3 Nf6 2. c4 g6 3. Nc3 Bg7 4. d4 O-O 5. e4 d6 6. Be2 Na6 7. O-O e5 8. Re1 c6 9. Bf1 exd4 10. Nxd4 Qb6 {E94: King's Indian: Classical: 6 Be2 e5 7 0-0: Various Black 7th moves} (10... Ng4 11. h3 Qb6 12. hxg4 Qxd4 13. g5 Qxd1 14. Rxd1 Nc5 15. f3 Be5 16. Be3 a5 17. Rac1 a4 18. Rc2 Be6 19. Kf2 a3 20. b3 Na6 21. Rdd2 {1-0 (39) Postny,E (2569)-Maze,S (2614) Belgium 2018}) 11. h3 Re8 (11... Ng4 $11 12. hxg4 Bxd4) 12. Nb3 $16 Bf8 13. Bf4 Re6 $146 ({Predecessor:} 13... Nc5 14. Nxc5 Qxc5 15. Qd2 Be6 16. Rad1 Bxc4 17. b4 Qxb4 18. Rb1 Qc5 19. Be3 Qa3 20. Bxc4 Nxe4 21. Nxe4 Rxe4 22. Bd3 Re7 23. Rec1 Bg7 24. Rb3 Qa4 25. Rc4 {1-0 (25) Panelo Munoz,M (2404)-De la Paz Perdomo,F (2464) Sitges 2005}) 14. Nd4 Re8 15. Nb3 Re6 $1 16. Nd4 Re8 17. Nb3 ({White should play} 17. Bg5 $14 Nd7 18. Qd2) 1/2-1/2

[Event "94th ARG-ch Superior 2019"]
[Site "Buenos Aires"]
[Date "2019.09.22"]
[Round "7.1"]
[White "Perez, Maximiliano"]
[Black "Aguilar, Andres"]
[Result "1-0"]
[WhiteElo "2429"]
[BlackElo "2319"]
[Annotator "Igor"]
[PlyCount "81"]
[EventDate "2019.09.16"]
[EventType "tourn"]
[EventCountry "ARG"]
[TimeControl "40/5400+30:1800+30"]

{[%evp 0,30,39,41,66,58,71,16,38,38,30,36,35,35,79,46,60,32,35,17,17,19,18,15,10,6,30,-24,19,-33,0,-13,19]} 1. e4 c5 2. Nf3 Nc6 3. d4 cxd4 4. Nxd4 Nf6 5. Nc3 d6 6. Bg5 e6 7. Qd2 a6 8. O-O-O Bd7 9. Nxc6 Bxc6 10. f3 Be7 11. h4 O-O 12. Kb1 b5 13. Ne2 Bb7 14. Nd4 Qc7 15. Bd3 Rfe8 16. h5 Rac8 17. Rc1 Nd7 18. Bxe7 Rxe7 19. h6 g6 20. c4 Qb6 21. Ne2 b4 22. Rhd1 b3 23. axb3 Qxb3 24. Rc3 Qb6 25. Bc2 a5 26. Qxd6 Qxd6 27. Rxd6 Ne5 28. Nd4 Rec7 29. c5 Kf8 30. Nb3 Nc6 31. Bd3 a4 32. Nd2 Nb4 33. Bb5 Bc6 34. Bxc6 Rxc6 35. Rxc6 Rxc6 36. e5 Nd5 37. Rc1 Nf4 38. Ne4 Nd3 39. Rc4 Nxe5 40. Rxa4 f5 41. Ng5 1-0

[Event "94th ARG-ch Superior 2019"]
[Site "Buenos Aires"]
[Date "2019.09.22"]
[Round "7.2"]
[White "Krysa, Leandro"]
[Black "Scarella, Enrique Alejandro"]
[Result "1-0"]
[WhiteElo "2519"]
[BlackElo "2302"]
[Annotator "Igor"]
[PlyCount "61"]
[EventDate "2019.09.16"]
[EventType "tourn"]
[EventCountry "ARG"]
[TimeControl "40/5400+30:1800+30"]

{[%evp 0,29,30,30,30,-7,37,28,53,60,74,68,105,104,84,74,85,82,90,90,93,84,91,14,80,87,83,74,109,56,56,62]} 1. d4 Nf6 2. c4 c5 3. d5 b5 4. cxb5 a6 5. e3 g6 6. Nc3 Bg7 7. a4 O-O 8. e4 axb5 9. Bxb5 d6 10. Nf3 Ba6 11. Qe2 Bxb5 12. Nxb5 Na6 13. O-O Nc7 14. Nxc7 Qxc7 15. Bd2 Nd7 16. Bc3 Rfb8 17. Rfe1 Bxc3 18. bxc3 Nb6 19. c4 Rxa4 20. Rxa4 Nxa4 21. e5 Rb2 22. Qe3 Qb8 23. h4 Qb3 24. Qh6 Qc2 25. Rf1 Rb1 26. Ng5 Rxf1+ 27. Kh2 Rh1+ 28. Kxh1 Qc1+ 29. Kh2 Qf4+ 30. Kh3 Qf5+ 31. g4 1-0

[Event "94th ARG-ch Superior 2019"]
[Site "Buenos Aires"]
[Date "2019.09.22"]
[Round "7.3"]
[White "Tristan, Leonardo"]
[Black "Acosta, Pablo Ismael"]
[Result "1/2-1/2"]
[WhiteElo "2509"]
[BlackElo "2445"]
[Annotator "TA"]
[PlyCount "82"]
[EventDate "2019.09.16"]
[EventType "tourn"]
[EventCountry "ARG"]

{[%evp 10,82,25,25,26,18,18,18,18,8,26,22,16,0,0,0,0,0,0,-15,-14,-52,-20,-63,-63,-76,-43,-56,-68,-103,-93,-99,-106,-99,-60,-73,-63,-63,-59,-64,-16,-16,-16,-12,-14,-20,-16,-31,-17,-31,-8,-8,0,0,0,0,0,0,0,0,0,0,0,0,0,0,0,0,0,0,0,0,0,0,0]} 1. d4 Nf6 2. c4 e6 3. Nc3 Bb4 4. Qc2 d5 5. cxd5 Qxd5 6. e3 O-O {E34: Nimzo-Indian: Classical: 4...d5} (6... c5 7. Bd2 Bxc3 8. Bxc3 cxd4 9. Bxd4 Nc6 10. Bc3 O-O 11. Nf3 Rd8 12. Be2 Qe4 13. Rc1 Qxc2 14. Rxc2 Bd7 15. Ne5 Nxe5 16. Bxe5 Rac8 17. Rxc8 Rxc8 18. O-O {½-½ (36) So,W (2754)-Carlsen,M (2875) Zagreb 2019}) 7. a3 Bxc3+ 8. bxc3 c5 9. c4 Qe4 $146 ({Predecessor:} 9... Qd6 10. Nf3 b6 11. e4 Nfd7 12. d5 exd5 13. exd5 Ne5 14. Bb2 Nxf3+ 15. gxf3 Re8+ 16. Be2 {1-0 (35) Adhiban,B (2653)-Abasov,N (2556) Wijk aan Zee 2016}) 10. Qxe4 Nxe4 11. f3 Nf6 12. Ne2 Rd8 13. Bb2 Nc6 14. g4 b6 15. g5 Ne8 16. h4 Nd6 17. Ng3 Na5 18. Rc1 cxd4 $1 19. exd4 Ba6 {[%cal Ra6c4]} 20. c5 Bxf1 21. cxd6 Bc4 22. Ne4 Bd5 23. Rc7 Nc4 {[%mdl 64] [#] Double Attack} 24. Bc1 b5 25. Bf4 Bxe4 26. fxe4 Nxd6 27. Bxd6 Rxd6 $11 {[%mdl 4096] Endgame KRR-KRR} 28. O-O Rf8 29. Rd1 a6 30. Kf2 {The position is equal.} f6 31. gxf6 Rxf6+ 32. Ke3 {[#] Strongly threatening e5.} Rf7 33. Rdc1 Rxc7 34. Rxc7 {KR-KR} Kf8 35. e5 Rb6 36. h5 a5 37. Rc8+ Kf7 38. Rc7+ Kf8 39. Rc8+ Kf7 40. Rc7+ Kf8 41. Rc8+ Kf7 {Accuracy: White = 74%, Black = 70%.} 1/2-1/2

[Event "94th ARG-ch Superior 2019"]
[Site "Buenos Aires"]
[Date "2019.09.22"]
[Round "7.4"]
[White "Pichot, Alan"]
[Black "Flores, Diego"]
[Result "0-1"]
[WhiteElo "2600"]
[BlackElo "2602"]
[Annotator "TA"]
[PlyCount "48"]
[EventDate "2019.09.16"]
[EventType "tourn"]
[EventCountry "ARG"]

{[%evp 21,114,12,25,0,0,-10,0,-6,-16,-6,0,0,0,0,6,8,18,0,6,-19,0,0,4,-177,-182,-171,-158,-204,-23,-26,0,0,0,0,0,0,0,-191,-181,-456,-157,-159,-156,-147,0,0,0,0,-3,-8,-8,-12,0,-45,-45,-45,-45,-45,-45,-45,-45,-180,-175,-150,-127,-216,-38,-40,-49,-50,-50,-272,-259,-694,-712,-691,-712,-764,-1194,-1240,-1253,-1109,-1024,-1741,-1671,-1943,-4134,-7377,-6702,-29973,-29974,-29972,-29972,-29961,-12847]} 1. e4 e5 2. Nf3 Nc6 3. Bb5 a6 4. Ba4 d6 5. O-O Bd7 6. c3 g6 7. d4 Bg7 8. d5 Nce7 9. Bxd7+ Qxd7 10. c4 h6 11. Nc3 f5 12. exf5 {C76: Ruy Lopez: Deferred Steinitz: 5 c3 Bd7 6 d4 g6} gxf5 13. Ne1 Nf6 14. f4 {With the idea fxe5.The position is equal.} e4 15. Nc2 {[#]} b5 $146 ({Predecessor:} 15... c5 16. dxc6 bxc6 17. Be3 O-O 18. Qd2 c5 19. h3 Qe6 {1-0 (51) Zhao,J (2604)-Sargissian,G (2672) Riadh 2017}) 16. cxb5 axb5 17. Be3 O-O 18. Nb4 Kh7 19. h3 Rg8 20. Qe2 Bh8 21. Rad1 Ng6 22. Qf2 $2 (22. Qxb5 Rab8 $17) (22. Kh1 $1 $11) 22... Nh5 $19 23. Kh1 Bf6 24. g3 {[#]} Ne5 {Played: Ng6-h4} 0-1

[Event "94th ARG-ch Superior 2019"]
[Site "Buenos Aires"]
[Date "2019.09.22"]
[Round "7.5"]
[White "Bitelmajer, Martin"]
[Black "Valerga, Diego"]
[Result "1/2-1/2"]
[WhiteElo "2469"]
[BlackElo "2418"]
[Annotator "TA"]
[PlyCount "61"]
[EventDate "2019.09.16"]
[EventType "tourn"]
[EventCountry "ARG"]

{[%evp 18,61,10,8,12,0,11,11,16,0,0,0,0,-31,-18,-34,0,0,0,-10,-4,-10,-10,-10,-10,-10,-10,-10,-9,-5,-4,-16,-15,-16,-5,-7,-8,-15,-10,-15,-12,-21,-8,-24,-11,-22]} 1. d4 d5 2. c4 c6 3. Nf3 Nf6 4. Qb3 g6 5. g3 Bg7 6. Bg2 O-O 7. O-O dxc4 8. Qxc4 Bf5 9. Nc3 Nbd7 {[%cal Bb8d7,Bd7b6,Bb6a4,Ba4c3,Bc3d5][%mdl 32]} 10. e3 Ne4 {D78: Fianchetto Grünfeld: 6 0-0 c6} (10... Qc7 11. Nh4 Nb6 12. Qc5 Be6 13. b3 a5 14. Ba3 Nfd7 15. Qxe7 Rfe8 16. Qg5 a4 17. Rfc1 axb3 18. axb3 {0-1 (71) Salem,A (2633)-Mamedyarov,S (2772) Moscow 2017}) 11. Qe2 (11. Qb3 {seems wilder.} Nd6 12. e4 Nxe4 13. Qxb7 Qc8 14. Qxc8 Raxc8 15. Re1) 11... Nxc3 12. bxc3 Be4 13. Re1 $146 ({Predecessor:} 13. Bh3 c5 14. Nd2 Bc6 15. Rd1 Qc7 16. Nb3 {1-0 (38) Todorov,O (2303)-Kostadinov,R (2207) Sunny Beach 2010}) 13... c5 14. Bb2 Nb6 15. Ba3 Na4 16. Qc4 Qe8 (16... Qa5 {is interesting.} 17. Rac1 b5 18. Qb3 c4 19. Qb4 Qxb4 20. Bxb4 Rfe8) 17. dxc5 Nxc3 {Strongly threatening ...Qb5.} 18. Nd4 Bxg2 19. Kxg2 Bxd4 $1 20. exd4 Qc6+ 21. Kg1 Nd5 $1 22. Rab1 Rfc8 23. Rb3 Rc7 24. Reb1 Rd8 25. h4 h5 26. Bb2 Rdd7 27. Kh2 Qe6 28. Rc1 Rc6 29. Rc2 Qf5 30. Re2 Re6 31. Qc2 {Accuracy: White = 36%, Black = 67%.} 1/2-1/2

[Event "94th ARG-ch Superior 2019"]
[Site "Buenos Aires"]
[Date "2019.09.22"]
[Round "7.6"]
[White "Dolezal, Cristian"]
[Black "Peralta, Fernando"]
[Result "0-1"]
[WhiteElo "2414"]
[BlackElo "2566"]
[Annotator "Igor RC"]
[PlyCount "90"]
[EventDate "2019.09.16"]
[EventType "tourn"]
[EventCountry "ARG"]
[TimeControl "40/5400+30:1800+30"]

{[%evp 0,27,30,14,68,71,60,41,77,77,39,39,80,49,49,-1,42,82,58,58,58,24,59,59,54,26,19,3,14,-33]} 1. e4 c6 2. Nc3 d5 3. Nf3 Bg4 4. h3 Bxf3 5. Qxf3 Nf6 6. Be2 e6 7. O-O Bc5 8. d3 O-O 9. Qg3 Nbd7 10. Bg5 Bd4 11. Bh6 Ne8 12. Be3 Bxe3 13. Qxe3 Nd6 14. Rfe1 Re8 15. Bf1 b5 16. e5 Nf5 17. Qf4 Qc7 18. g4 Ne7 19. Qg3 b4 20. Na4 Qa5 21. b3 Nb6 22. Nb2 Qc5 23. Re2 Qd4 24. Rb1 a5 25. Qe3 c5 26. Nd1 Ng6 27. Rc1 Nd7 28. c3 bxc3 29. Nxc3 Ngxe5 30. Qg3 Rab8 31. Rec2 Ng6 32. Na4 Rbc8 33. Qe3 Qb4 34. d4 cxd4 35. Rxc8 dxe3 36. Rxe8+ Ndf8 37. fxe3 Qd2 38. Rcc8 Qxe3+ 39. Kh1 Qe1 40. Kg2 Nh4+ 41. Kg1 Qg3+ 42. Kh1 g5 43. Rxf8+ Kg7 44. Rg8+ Kh6 45. Rc3 Qf2 0-1